On characteristic classes. : Lectures given at the Nordic Summer School in Mathematics, June 16th-July 6th 1968 /
Guardado en:
| Autor Principal: | |
|---|---|
| Autores Corporativos: | , |
| Formato: | Libro |
| Idioma: | English |
| Publicado: |
[Aarhus] :
Aarhus Universitet Matematisk Institut,
[1969]
|
| Materias: | |
| Etiquetas: |
Agregar Etiqueta
Sin Etiquetas, Sea el primero en etiquetar este registro!
|
| LEADER | 00820cam a2200217 a 4500 | ||
|---|---|---|---|
| 001 | MAT.inmabb005655 | ||
| 008 | 701009s1969####dk############000#0#eng## | ||
| 005 | 20170622173205.0 | ||
| 245 | 1 | 0 | |a On characteristic classes. : |b Lectures given at the Nordic Summer School in Mathematics, June 16th-July 6th 1968 / |c By Arunas Liulevicius. |
| 260 | |a [Aarhus] : |b Aarhus Universitet Matematisk Institut, |c [1969] | ||
| 300 | |a 99 h. ; |c 30 cm. | ||
| 510 | 4 | |a MR, |c 41 #1065 | |
| 100 | 1 | |a Liulevicius, Arunas, |d 1934- | |
| 710 | 2 | |a Nordic Summer School in Mathematics, Aarhus, Denmark, 1968. | |
| 710 | 1 | |a Aarhus, Denmark. |b Universitet. |b Matematisk institut. | |
| 650 | 0 | |a Characteristic classes. | |
| 650 | 0 | |a Topology. | |
| 084 | |a 57.32 |2 MR | ||
| 010 | |a 71494414 | ||
| 040 | |a DLC |c DLC |d DLC | ||
| 859 | |h 57 |i C469 |p A-3222 |b BIB. MATEMATICA | ||
